Tampa Bay Rays 2025 Roster - Statistics

General Stats
  • This quiz has been taken 16 times
  • The average score is 14 of 35
Answer Stats
Jersey # Pos Player % Correct
8 2B Brandon Lowe
91%
15 RF Josh Lowe
91%
13 3B Junior Caminero
91%
2 1B Yandy Diaz
91%
14 CF Chandler Simpson
73%
7 SS Carson Williams
64%
29 BP Pete Fairbanks
64%
11 P Shane Baz
64%
57 P Drew Rasmussen
55%
63 BP Edwin Uceta
55%
62 1B Jonathan Aranda
55%
1 LF Richie Palacios
55%
24 LF Christopher Morel
45%
40 C Nick Fortes
45%
6 SS Taylor Walls
45%
60 BP Garrett Cleavinger
36%
30 C Hunter Feduccia
36%
61 P Ian Seymour
36%
21 CF Jonny DeLuca
36%
49 BP Kevin Kelly
36%
48 BP Mason Montgomery
36%
41 1B Bob Seymour
27%
28 LF Jake Mangum
27%
44 P Ryan Pepiot
27%
10 3B Tristan Gray
27%
47 BP Bryan Baker
18%
22 BP Griffin Jax
18%
37 P Adrian Houser
9%
43 BP Hunter Bigge
9%
68 BP Joe Rock
9%
18 P Shane McClanahan
9%
67 BP Brian Van Belle
0%
71 BP Cole Susler
0%
45 CF Everson Pereira
0%
59 BP Mason Englert
0%
No matching quizzes found
Score Distribution
Percent of People with Each Score
Percentile by Number Answered
Your Score History
You have not taken this quiz